| 000 | 00452nam a2200169Ia 4500 | ||
|---|---|---|---|
| 008 | 230917s9999||||xx |||||||||||||| ||und|| | ||
| 020 | _cRS615 | ||
| 040 |
_e247987 _aMAIN |
||
| 041 | _aEnglish | ||
| 082 | _a628 P192E | ||
| 100 | _aPandey, G N | ||
| 245 | 0 | _aEnvironmental engineering | |
| 260 |
_aNew Delhi _bMcGraw Hill Education(India) _c2015 |
||
| 300 | _aix, 455 p. | ||
| 500 | _a3149 04/06/2018 HBD18/7417 15/06/2018 UIET (SFS) | ||
| 942 | _cBK | ||
| 999 |
_c27015 _d27015 |
||